English Dialects - Statistics

General Stats
  • This quiz has been taken 337 times
    323 since last reset
  • The average score is 50 of 142
Answer Stats
Region Answer % Correct
Broad Australian
83%
Cultivated Australian
83%
Oceania General Australian
83%
Scottish English
82%
Scottish Standard
82%
New Zealand English
81%
Cockney
80%
Welsh English
78%
Southern
75%
Canadian Standard
74%
North America General American
72%
Asia Standard Indian
72%
Californian
68%
Texan
68%
Anglo-Cornish
67%
Multicultural London
67%
Eastern New England
65%
Western
65%
Nigerian
63%
Scouse
62%
Singapore
62%
Pacific Northwest
60%
Appalachian
59%
Great Lakes
58%
Mancunian
58%
Europe English Standard
57%
Jamaican English
57%
Bahamian English
56%
South America Guyanese English
56%
Pakistani
56%
Belizean
53%
Brummie
53%
Yorkshire
53%
Bengali English
52%
Midland
52%
New York City
52%
Trinidadian English
51%
Fijian English
49%
Hong Kong
49%
Kenyan
48%
Ulster
48%
Vincentian English
48%
Mid-Atlantic
47%
Saint Lucian English
47%
Malaysian
46%
Quebec English
46%
Saint Kitts English
46%
Antiguan English
45%
Virgin Islands English
45%
Geordie
44%
Leinster
44%
Manx English
42%
Philippine
41%
Jersey English
40%
Munster
40%
Ghanaian
39%
Bermudian English
38%
Dominican English
38%
East Midlands
38%
Kentish
38%
Upper Midwestern
38%
Western New England
38%
African American Vernacular
36%
Essaxon
36%
Maltese English
35%
Namlish
35%
Bristolian
34%
Falkland Islands
34%
Ugandan
34%
Zambian
34%
Gibraltarean
31%
Guernsey English
30%
Liberian
30%
Norfolk
30%
Newfoundland
29%
Africa Cameroonian
28%
Canadian Maritime
28%
Cape Flats
28%
Western Australian
28%
Myanmar
27%
Northumbrian
27%
Pitmatic
27%
Punjabi English
27%
Sri Lankan
27%
Sussex
27%
Bajan English
26%
Tamil English
26%
Cardiff
25%
Highland English
25%
Lancastrian
25%
Miami
25%
Puerto Rican English
25%
Maharashtrian English
24%
Malawian
24%
Suffolk
24%
Anguillan English
23%
Queensland
23%
Cajun English
22%
Solomon Islands English
22%
Brunei
21%
Cumbrian
21%
Gujarati English
21%
Turks and Caicos English
21%
Victorian
21%
Cayman Islands
20%
Connacht
20%
Montserratian English
20%
South Atlantic
19%
Telugu English
19%
South Australian
17%
Barbudan English
16%
Hindustani English
15%
Kannada English
15%
Malayali English
15%
New Orleans
15%
Western Pennsylvania
15%
Mackem
14%
Chicano
13%
Oriya English
13%
Potteries
13%
Australian Aboriginal
11%
Yeshiva
11%
Cheshire
10%
Janner
10%
Pennsylvania Dutch English
10%
Pompey
10%
Samaná English
10%
Hoi Toider
9%
Bihari English
8%
Smoggie
8%
Black Country
7%
Rajasthani English
7%
Bay Islands
5%
Black South African
5%
White South African
5%
Alderney English
4%
Indigenous English
4%
Torres Strait
4%
Yooper
4%
Cape Breton
3%
Grenadian English
2%
Gower
1%
No matching quizzes found
Score Distribution
Percent of People with Each Score
Percentile by Number Answered
Your Score History
You have not taken this quiz since the last reset